000
00275nam a22001217a 4500
008
180809b xxu||||| |||| 00| 0 eng d
041
_a
eng
080
_a
616.12
100
_a
7
101
_a
KARD
245
_a
Clincal Disorders of the Heartbeat
_c
Lewis,Th
942
_2
udc
_c
BK
999
_c
46956
_d
46956